Ekonomika a řízení potravinářského průmyslu Sbírka příkladů
Gespeichert in:
| 1. Verfasser: | |
|---|---|
| Körperschaft: | |
| Weitere Verfasser: | |
| Format: | Buch |
| Sprache: | Tschechisch |
| Veröffentlicht: |
Praha
Státní nakladatelství technické literatury
1986
|
| Ausgabe: | 1. vyd. |
| Tags: |
Keine Tags, Fügen Sie das erste Tag hinzu!
|
MARC
| LEADER | 00000nam a2200000 4500 | ||
|---|---|---|---|
| 001 | c025492 | ||
| 005 | 20221220071434.0 | ||
| 041 | 0 | |a cze | |
| 044 | |a CZ | ||
| 245 | 1 | 0 | |a Ekonomika a řízení potravinářského průmyslu |b Sbírka příkladů |c Jan Rančák, Jiří Brada |
| 250 | |a 1. vyd. | ||
| 264 | 1 | |a Praha |b Státní nakladatelství technické literatury |c 1986 | |
| 300 | |a 142 s. | ||
| 100 | 1 | |a Rančák, Jan | |
| 700 | 1 | |a Brada, Jiří | |
| 710 | 2 | |a Vysoká škola chemicko-technologická v Praze | |